00432 2200169 4500001002100000008004100021035002000062245004200082100001900124260003000143300002200173020001800195084001400213082000800227650001700235990001000252INLIS000000000000393 Ind  a0010-0226000393 aEinstein & RelativitascPaul Strahern aStrahern, Paul aJakarta :bErlanggac2002 a94 hlm.c18,5 cm. a979-688-521-2 a601 SIR e a601 aIlmu Terapan a346/1